| 000 | 00388nam a2200145Ia 4500 | ||
|---|---|---|---|
| 008 | 220803s9999 xx 000 0 und d | ||
| 020 | _a9788179934999 | ||
| 041 | _aeng | ||
| 082 | _a658.408 PAL | ||
| 100 |
_aPaliwal R Ed. _925442 |
||
| 245 | _aPolicy Intervention Analysis : Environmental Impact Assessment | ||
| 260 |
_aNew Delhi _bTeri Pub. _c2014 |
||
| 300 | _a208p | ||
| 500 | _aARCHI | ||
| 999 |
_c16224 _d16224 |
||